00828nam a2200241 a 450000100060000000300080000600500170001400800410003102000150007203500430008704000320013004100080016208200200017010000480019024500880023826000520032630000250037849000520040350400290045565000270048470000230051183000520053445908BD-RjUL20211209054101.0160728s1969 ii b 001 0 eng d c: Rs.12.00 aOCLC 00048327 from gs1a(BD-RjUL)46026 aDLCcDLCdEQOdBD-RjULbeng aeng a371.4bBEP 19691 aBernard, Harold W.q(Harold Wright),d1908-10aPrinciples of guidance :ba basic text /cHarold W. Bernard [and] Daniel W. Fullmer abombay:bAllied publishers private ltd.,cc1969 axv, 399 p. ;c24 cm.1 aInternational series in guidance and counseling aBibliography: p. 373-390 0aEducational counseling1 aFullmer, Daniel W. 0aInternational series in guidance and counseling